01490nam a2200313 a 4500003000900000005001700009007000300026008004100029020001800070040002500088082001400113100003500127245008700162264003400249300005200283336002700335337003300362338002800395500010000423500005800523500008400581505016400665586003400829650006400863650006300927650005200990650005501042710007901097DO-SdBNP20251127082331.0ta220825e2020 dr ad||fr||||o001 e spa d a9789945501681 aDO-SdBNPbspacBNPHU 4222bS684d1 aSolano Cabrera, Gilda Massiell10aDescentralización local y participación social /cGilda Massiel Solano Cabrera 1aSanto Domingo :bINAP,c2020. a200 páginasbilustraciones, diagramasc21 cm. 2rdacontentatextobtxt 2rdamediaasin mediaciónbn 2rdacarrieravolumenbnc aConcurso Nacional de Investigación en Administración Pública (CONIAP). (3era. versión). aIncluye bibliografía y notas al pié de páginas. aIncluye índice de tablas, gráficos, esquemas, anexos, siglas y abreviaturas0 aMetodología.tI. Contexto.--tII. Marco Teórico.--tIII. Análisis Situacional.--tIV. Recomendaciones.--tV. Referencias Bibliográficas.--tVI. Anexos. aEnsayo ganador del 2do. Lugar 4aPresupuesto participativo municipalzRepública Dominicana 4aServicios públicosxValoraciónzRepública Dominicana 0aParticipación social zRepública Dominicana 4aDescentralización socialzRepública Dominicana2 aInstituto Nacional de Administración Pública (República Dominicana)